U.S. City Flags - Statistics

General Stats
  • This quiz has been taken 13 times
  • The average score is 10 of 20
Answer Stats
Picture Answer % Correct
Chicago
92%
Miami
92%
Washington D.C.
92%
Los Angeles
83%
New York City
83%
Dallas
75%
Phoenix
67%
Boston
58%
Denver
58%
Philadelphia
50%
Saint Louis
50%
Atlanta
42%
Cincinnati
33%
Jacksonville
33%
San Diego
33%
San Francisco
33%
Milwaukee
8%
Nashville
8%
Salt Lake City
8%
Virginia Beach
8%
No matching quizzes found
Score Distribution
Percent of People with Each Score
Percentile by Number Answered
Your Score History
You have not taken this quiz